1393 1287 1292 1390 1544 1714 1580 1311 1378 1105 1657 1081 1449 1161 1125 1059 1688 1952 1128 1579 1665 1708 1085 1766 1570 1449 1633 1569 1464 1846 1664 1107 1251 1333 1401 1052 1203 1310 1779 1753 1948 1575 1733 1663 1874 1787 1413 1889 1954 1044 1133 1420 1857 1626 1807 1984 1581 1335 1702 1511 1507 1112 1191 1585 1223 1500 1727 1693 1651 1218 1698 1211 1761 1593 1544 1038 1400 1972 1152 1737 1187 1731 1156 1497 1743 1264 1918 1719 1021 1141 1415 1617 1330 1406 1145 1857 1379 1246 1010 BCNSPRNW ULIB Ver.6.0+V

เปลี่ยนเป็นภาษาไทย

Change to English
 แสดงรายละเอียดบรรณานุกรม
  กลับหน้าหลัก

Brief Record : Get Marc (ISO 2709) : E-mail record : QR code < ปิดหน้าต่าง
LEADER : 00000nam a2200000Ia 4500
001    13399125450
003     ULIB
008    161007s2559 th a 000 0 tha d
020    ^a9786164064485
040    ^abns
060 04 ^aWY164^bก492
245 00 ^aการพยาบาลอายุรศาสตร์-ศัลยศาสตร์ โรคไตและระบบทางเดินปัสสาวะ =^bKidney & urinary diseases : medical and surgical nursingcare /^cบรรณาธิการ, ชัชวาล วงศ์สารี
246 30 ^aโรคไตและระบบทางเดินปัสสาวะ
246 31 ^aKidney & urinary diseases :^bmedical and surgical nursingcare
250    ^aพิมพ์ครั้งที่ 1
260    ^aกรุงเทพฯ :^bN P Press Limitied Partnership,^c2559
300    ^a588 หน้า :^bภาพประกอบ ;^c21 ซม.
650  4 ^aการพยาบาลศัลยศาสตร์
650  4 ^aปัสสาวะ, โรค^xการพยาบาล
650  4 ^aปัสสาวะ, วิทยา^xตำราทางการพยาบาล
650  4 ^aไต, โรค^xการพยาบาล
700 0  ^aชัชวาล วงศ์สารี,^eบรรณาธิการ
945    ^p450^l0^i25065
945    ^p450^l0^i25066
945    ^p450^l0^i25067
945    ^p450^l0^i25068
945    ^p450^l0^i25069
995    ^aกัณชพร
999    ^aกัณชพร
รายการนี้ยังไม่มีแท็ก
คุณยังไม่ได้ล็อกอิน คุณสามารถมีกิจกรรมร่วมกับเว็บไซต์ได้ แต่ต้องล็อกอินก่อน ::
  ล็อกอิน

รายการสื่อสารสนเทศ

ลำดับที่ ประเภท เลขเรียก/บาร์โค้ด สถานที่ สถานะ
1. วิทยาศาสตร์การแพทย์ และสุขภาพ
วิทยาศาสตร์การแพทย์ และสุขภาพ
WY164 ก492 ฉ.1 
  Barcode: 25065
ห้องสมุดวิทยาเขตนครสวรรค์
►หนังสือทั่วไป:l:General Books
บนชั้น
2. วิทยาศาสตร์การแพทย์ และสุขภาพ
วิทยาศาสตร์การแพทย์ และสุขภาพ
WY164 ก492 ฉ.2 
  Barcode: 25066
ห้องสมุดวิทยาเขตนครสวรรค์
►หนังสือทั่วไป:l:General Books
บนชั้น
3. วิทยาศาสตร์การแพทย์ และสุขภาพ
วิทยาศาสตร์การแพทย์ และสุขภาพ
WY164 ก492 ฉ.3 
  Barcode: 25067
ห้องสมุดวิทยาเขตนครสวรรค์
►หนังสือทั่วไป:l:General Books
บนชั้น
4. วิทยาศาสตร์การแพทย์ และสุขภาพ
วิทยาศาสตร์การแพทย์ และสุขภาพ
WY164 ก492 ฉ.4 
  Barcode: 25068
ห้องสมุดวิทยาเขตนครสวรรค์
►หนังสือทั่วไป:l:General Books
บนชั้น
5. วิทยาศาสตร์การแพทย์ และสุขภาพ
วิทยาศาสตร์การแพทย์ และสุขภาพ
WY164 ก492 ฉ.5 
  Barcode: 25069
ห้องสมุดวิทยาเขตนครสวรรค์
►หนังสือทั่วไป:l:General Books
บนชั้น

รายการใกล้เคียง
    หัวเรื่อง [การพยาบาลศัลยศาสตร์]

BibComment


ยังไม่เคยถูกคอมเมนท์

คอมเมนท์ทรัพยากรรายการนี้
  คอมเมนท์: การพยาบาลอายุรศา..


 Copyright 2026. Bcnsprnw @Library